00298nam a2200109 a 450000500170000000800410001702000140005824500640007226000220013699900170015804000130017520201002035739.0131017s1678 000 spa d aBarcelona 0aOrdenancas del Bven Govierno de la Armada del Mar Oceano... aBarcelona,c1678. c41263d41263 aDO-SdBNP